ARRUPE JESUIT UNIVERSITY

CORONAVIRUS -STOP THE SPREAD - CLEAN,DISINFECT,COVER

The Seamless garment (Record no. 122880)

MARC details
000 -LEADER
fixed length control field 00611nam a22001817a 4500
008 - FIXED-LENGTH DATA ELEMENTS--GENERAL INFORMATION
fixed length control field 150713b xxu||||| |||| 00| 0 eng d
020 ## - INTERNATIONAL STANDARD BOOK NUMBER
International Standard Book Number 9781570757648
050 ## - LIBRARY OF CONGRESS CALL NUMBER
Classification number BJ1249.B47 2008
100 ## - MAIN ENTRY--PERSONAL NAME
Personal name Bernardin
9 (RLIN) 17982
245 ## - TITLE STATEMENT
Title The Seamless garment
Remainder of title writings on the consistent ethic of life
Statement of responsibility, etc /by Cardinal Joseph L. Bernardin
260 ## - PUBLICATION, DISTRIBUTION, ETC. (IMPRINT)
Place of publication, distribution, etc New York
Name of publisher, distributor, etc Orbis books
Date of publication, distribution, etc 2008
300 ## - PHYSICAL DESCRIPTION
Extent x,305p. ;
Dimensions 24cm.
650 ## - SUBJECT ADDED ENTRY--TOPICAL TERM
Topical term or geographic name as entry element Christian ethic
General subdivision Catholic authors
9 (RLIN) 17983
650 ## - SUBJECT ADDED ENTRY--TOPICAL TERM
Topical term or geographic name as entry element Christian ethics
9 (RLIN) 17984
650 ## - SUBJECT ADDED ENTRY--TOPICAL TERM
Topical term or geographic name as entry element Ethics
9 (RLIN) 17985
650 ## - SUBJECT ADDED ENTRY--TOPICAL TERM
Topical term or geographic name as entry element Catholic church and philosophy
9 (RLIN) 17986
942 ## - ADDED ENTRY ELEMENTS (KOHA)
Source of classification or shelving scheme Library of Congress Classification
Item type Monograph ( Printed materials)
Holdings
Withdrawn status Lost status Source of classification or shelving scheme Damaged status Not for loan Collection code Home library Current library Shelving location Date acquired Total Checkouts Full call number Barcode Date last seen Price effective from Koha item type
    Library of Congress Classification     Main Collection ARRUPE LIBRARY ARRUPE LIBRARY Main Collection 13/07/2015   BJ1249.B47 2008 464122422 22/09/2016 13/07/2015 Monograph ( Printed materials)

 

Arrupe Library. PO Box MP320 Mt Pleasant, Harare, Zimbabwe
263 242 745411|librarian@aju.ac.zw